Culture Générale - Série 2232 - Statistiques

Statistiques générales
  • Ce quiz a été pris 124 fois
  • Le résultat moyen est 4 sur 10
Statistiques - réponses
Question Réponse % Correct
Quel est le pays dont les rugbymen sont appelés wallabies ? Australie
96%
Devinette : c'est un légume de contact lentille
69%
Quel animal est l'alose ? poisson
66%
Quel fleuve traverse la ville française de Bayonne ? Adour
38%
Quel élément chimique de numéro atomique 5 porte la lettre B ? bore
36%
De quel archipel fait partie l'île de El Hierro ou île du Méridien Canaries
32%
Dans quelle ville française du sud-ouest peut-on visiter la cathédrale Sainte Cécile ? Albi
29%
Quel est le prénom et le nom du réalisateur de "Sous le soleil de satan" de 1987 ? Maurice Pialat
26%
Ce nom désigne un échassier d'Amérique centrale ou dans la mythologie grecque un personnage condamné à mourir de soif et de faim - voir photo tantale
24%
Le tromblon ou espingole est une arme à feu du XVIIᵉ siècle, plus connue sous le nom de .... mousqueton
11%
Aucun quiz correspondant
Distribution des résultats
% des personnes avec chaque résultat
Percentile par nombre de réponses
Votre historique - résultats
Vous n’avez pas pris ce quiz